[Event "NRW-ch"]
[Site "Solingen"]
[Date "2014.10.15"]
[Round "5"]
[White "Lindam, Ingo"]
[Black "Albrecht, Oliver"]
[Result "1-0"]
[WhiteElo "2070"]
[BlackElo "2166"]
[PlyCount "107"]
[EventDate "2014.10.11"]
[EventType "swiss"]
[EventRounds "7"]
[EventCountry "GER"]
[SourceTitle "EXT 2016"]
[Source "ChessBase"]
[SourceDate "2015.10.08"]
[SourceVersion "1"]
[SourceVersionDate "2015.10.08"]
[SourceQuality "1"]

1. d4 Nf6 2. Bg5 d5 3. e3 e6 4. Nd2 Be7 5. Ngf3 h6 6. Bf4 Nbd7 7. Bd3 c5 8. c3 Qb6 9. Rb1 a5 10. 0-0 0-0 11. Ne5 Qd8 12. Qf3 Nxe5 13. dxe5 Nd7 14. Qh5 Bg5 15. Bg3 f5 16. exf6 Nxf6 17. Qe2 Nd7 18. Nf3 Bf6 19. e4 c4 20. Bc2 Ra6 21. Rbd1 Nc5 22. Ne5 b5 23. Rfe1 Bb7 24. Ng6 Rf7 25. e5 Be7 26. Rd4 Nd3 27. Nxe7+ Qxe7 28. Bxd3 cxd3 29. Qxd3 Bc6 30. Rg4 Rf5 31. Bh4 Qf8 32. Bf6 g5 33. h4 Ra7 34. hxg5 hxg5 35. Qe3 Rh7 36. Rxg5+ Rxg5 37. Qxg5+ Kf7 38. Re3 Ke8 39. Rg3 Kd7 40. Qe3 Kc8 41. Qb6 Qe8 42. a3 a4 43. Rg4 Bb7 44. Bh4 Bc6 45. f3 Bb7 46. g3 Rf7 47. Bf6 Rh7 48. Kg2 Bc6 49. Bh4 Rf7 50. Bf6 Rh7 51. Rh4 Rxh4 52. Bxh4 Bd7 53. g4 Qh8 54. Be7 1-0

[Event "NRW-ch"]
[Site "Solingen"]
[Date "2014.10.12"]
[Round "2"]
[White "Villwock, Martin"]
[Black "Albrecht, Oliver"]
[Result "1-0"]
[WhiteElo "2185"]
[BlackElo "2166"]
[PlyCount "79"]
[EventDate "2014.10.11"]
[EventType "swiss"]
[EventRounds "7"]
[EventCountry "GER"]
[SourceTitle "EXT 2016"]
[Source "ChessBase"]
[SourceDate "2015.10.08"]
[SourceVersion "1"]
[SourceVersionDate "2015.10.08"]
[SourceQuality "1"]

1. d4 Nf6 2. c4 g6 3. Nc3 d5 4. cxd5 Nxd5 5. e4 Nxc3 6. bxc3 Bg7 7. Qa4+ c6 8. Nf3 0-0 9. Qa3 Nd7 10. Bg5 Re8 11. Bc4 b5 12. Bd3 Nb6 13. 0-0 Be6 14. Rfd1 Bc4 15. Qc1 a5 16. Bh6 Bh8 17. Ng5 Qd7 18. Bxc4 Nxc4 19. Qf4 f6 20. Nf3 Rad8 21. h4 Qd6 22. Qg4 Qd7 23. Qg3 Qe6 24. Re1 Bg7 25. d5 cxd5 26. Nd4 Qb6 27. Bxg7 Kxg7 28. exd5 Kh8 29. Ne6 Rd7 30. Rad1 Nd6 31. h5 g5 32. Qg4 Qa7 33. h6 Rg8 34. Nd4 Qb7 35. Nc6 a4 36. Qd4 Nf5 37. Qe4 Nd6 38. Qe6 Rg6 39. Nxe7 Ne8 40. Nxg6+ 1-0

[Event "NRW-ch"]
[Site "Solingen"]
[Date "2014.10.11"]
[Round "1"]
[White "Kniest, Oliver"]
[Black "Albrecht, Oliver"]
[Result "1-0"]
[WhiteElo "2302"]
[BlackElo "2166"]
[PlyCount "83"]
[EventDate "2014.10.11"]
[EventType "swiss"]
[EventRounds "7"]
[EventCountry "GER"]
[SourceTitle "EXT 2016"]
[Source "ChessBase"]
[SourceDate "2015.10.08"]
[SourceVersion "1"]
[SourceVersionDate "2015.10.08"]
[SourceQuality "1"]

1. d4 Nf6 2. c4 g6 3. f3 Bg7 4. e4 0-0 5. Nc3 d6 6. Be3 a6 7. Nge2 Nc6 8. Qd2 Re8 9. g4 e5 10. d5 Nd4 11. Nxd4 exd4 12. Bxd4 c5 13. dxc6 bxc6 14. g5 Nd7 15. Bxg7 Kxg7 16. 0-0-0 Qa5 17. h4 Bb7 18. Qxd6 Rad8 19. Be2 Kg8 20. Qg3 Nc5 21. h5 Ne6 22. hxg6 fxg6 23. f4 Nd4 24. Bd3 c5 25. Rh2 Qc7 26. e5 Qf7 27. b3 Rf8 28. Be4 Nf5 29. Qf3 Rxd1+ 30. Qxd1 Ne3 31. Qf3 Bxe4 32. Nxe4 Qxf4 33. Qxf4 Rxf4 34. Nxc5 Rf5 35. Nd7 Rxg5 36. c5 h5 37. c6 Nd5 38. Nf6+ Nxf6 39. exf6 Rg1+ 40. Kb2 Re1 41. c7 Re8 42. Rd2 1-0

[Event "Mittelrhein Regionalliga 1314"]
[Site "Mittelrhein"]
[Date "2013.12.15"]
[Round "5.5"]
[White "Mantau, Jan"]
[Black "Albrecht, Oliver"]
[Result "1-0"]
[WhiteElo "2174"]
[BlackElo "2094"]
[PlyCount "43"]
[EventDate "2013.09.15"]
[EventType "team-tourn"]
[EventRounds "11"]
[EventCountry "GER"]
[SourceTitle "EXT 2023"]
[Source "ChessBase"]
[SourceDate "2022.10.05"]
[SourceVersion "1"]
[SourceVersionDate "2022.10.05"]
[SourceQuality "1"]
[WhiteTeam "Godesberg II"]
[BlackTeam "Bonn Beuel"]
[WhiteTeamCountry "GER"]
[BlackTeamCountry "GER"]

1. e4 e5 2. Nf3 Nf6 3. Nc3 Nc6 4. d3 Be7 5. Nd5 d6 6. Nxe7 Nxe7 7. Be2 Be6 8. 0-0 0-0 9. Ng5 Ng6 10. g3 Bd7 11. f4 d5 12. fxe5 Nxe5 13. d4 Ng6 14. e5 Ne8 15. Bd3 Qe7 16. Qh5 h6 17. Nxf7 Rxf7 18. Rxf7 Qxf7 19. Bxg6 Qe6 20. Bxh6 gxh6 21. Rf1 Qh3 22. Bxe8 1-0

[Event "NRW-ch"]
[Site "Wesel"]
[Date "2013.10.20"]
[Round "2"]
[White "Thiel, Thomas"]
[Black "Albrecht, Oliver"]
[Result "1-0"]
[WhiteElo "2296"]
[BlackElo "2161"]
[PlyCount "73"]
[EventDate "2013.10.19"]
[EventType "swiss"]
[EventRounds "7"]
[EventCountry "GER"]
[SourceTitle "EXT 2016"]
[Source "ChessBase"]
[SourceDate "2015.10.08"]
[SourceVersion "1"]
[SourceVersionDate "2015.10.08"]
[SourceQuality "1"]

1. e4 e5 2. Nf3 Nf6 3. Nxe5 d6 4. Nf3 Nxe4 5. Bd3 Nf6 6. 0-0 Be7 7. h3 0-0 8. c3 d5 9. Bc2 Re8 10. d4 Nbd7 11. Re1 Bd6 12. Rxe8+ Qxe8 13. Nbd2 Nf8 14. Nf1 Ne4 15. Ne3 c6 16. c4 Nf6 17. cxd5 Nxd5 18. Nxd5 cxd5 19. Bb3 Be6 20. Ng5 Qd7 21. Be3 Be7 22. Qf3 Bf6 23. Nxe6 fxe6 24. g4 Rc8 25. g5 Bd8 26. h4 Bb6 27. Kg2 Qf7 28. Qg4 Rc6 29. h5 Bd8 30. Rh1 Be7 31. Rh3 Bd6 32. Rf3 Qc7 33. g6 hxg6 34. hxg6 Qc8 35. Qh5 Qe8 36. Rxf8+ Kxf8 37. Bg5 1-0

[Event "Verbandsliga Mittelrhein-Ost 1213"]
[Site "Germany"]
[Date "2013.03.03"]
[Round "8.5"]
[White "Albrecht, Oliver"]
[Black "Herzwurm, Robert"]
[Result "1-0"]
[WhiteElo "2093"]
[BlackElo "2017"]
[PlyCount "107"]
[EventDate "2012.09.09"]
[EventType "team"]
[EventRounds "11"]
[EventCountry "GER"]
[SourceTitle "EXT 2015"]
[Source "ChessBase"]
[SourceDate "2014.11.20"]
[SourceVersion "1"]
[SourceVersionDate "2014.11.20"]
[SourceQuality "1"]
[WhiteTeam "Bonn Beuel"]
[BlackTeam "Euskirchen Turm"]
[WhiteTeamCountry "GER"]
[BlackTeamCountry "GER"]

1. d4 Nf6 2. c4 e5 3. dxe5 Ng4 4. e3 Nxe5 5. Nh3 Nbc6 6. Be2 Bb4+ 7. Bd2 Bxd2+ 8. Qxd2 d6 9. Nf4 0-0 10. 0-0 Re8 11. Nc3 Bd7 12. Nfd5 Rc8 13. Rad1 Qh4 14. f4 Ng4 15. h3 Nh6 16. Bf3 Re6 17. Qf2 Qxf2+ 18. Kxf2 Na5 19. b3 c6 20. Nb4 Rce8 21. e4 Bc8 22. g4 f6 23. f5 R6e7 24. Rxd6 Nf7 25. Rd2 Ne5 26. Rfd1 Kf7 27. Rd8 Rd7 28. R1xd7+ Bxd7 29. Rxe8 Bxe8 30. Ke3 b6 31. Nd3 Nxd3 32. Kxd3 Nb7 33. b4 Ke7 34. Ke3 Bf7 35. e5 fxe5 36. Bxc6 Nd6 37. c5 Nc4+ 38. Ke4 Nb2 39. Nd5+ Bxd5+ 40. Bxd5 bxc5 41. bxc5 Na4 42. Kxe5 Nxc5 43. Bc4 Nd7+ 44. Kd5 Kf6 45. Kd6 Nb6 46. Bb3 h5 47. Kc7 hxg4 48. hxg4 Kg5 49. Be6 Na4 50. Kb7 Nc5+ 51. Kxa7 Kxg4 52. Kb6 Na4+ 53. Kb5 Nc3+ 54. Kc4 1-0

[Event "Verbandsliga Mittelrhein-Ost 1213"]
[Site "Germany"]
[Date "2012.09.09"]
[Round "1.5"]
[White "Simons, Peter"]
[Black "Albrecht, Oliver"]
[Result "1-0"]
[WhiteElo "1938"]
[BlackElo "2108"]
[PlyCount "87"]
[EventDate "2012.09.09"]
[EventType "team"]
[EventRounds "11"]
[EventCountry "GER"]
[SourceTitle "EXT 2015"]
[Source "ChessBase"]
[SourceDate "2014.11.20"]
[SourceVersion "1"]
[SourceVersionDate "2014.11.20"]
[SourceQuality "1"]
[WhiteTeam "Rheinbacher SF"]
[BlackTeam "Bonn Beuel"]
[WhiteTeamCountry "GER"]
[BlackTeamCountry "GER"]

1. c4 Nf6 2. Nc3 d5 3. cxd5 Nxd5 4. Nf3 g6 5. e4 Nb6 6. d4 Bg7 7. Be3 0-0 8. Be2 Nc6 9. Rc1 Bg4 10. Ng5 Bxe2 11. Nxe2 e6 12. h4 Qe7 13. h5 Rfd8 14. hxg6 hxg6 15. Qb3 Rd7 16. a3 Na5 17. Qa2 Rad8 18. b4 Nc6 19. Qb3 a5 20. Rxc6 a4 21. Qc3 bxc6 22. Qxc6 Qd6 23. Qc3 f6 24. Nf3 Qe7 25. Qc2 Kf7 26. e5 Rh8 27. Rxh8 Bxh8 28. exf6 Qxf6 29. Ne5+ Ke7 30. Ng3 Nd5 31. Ne4 Qf5 32. Nxd7 Kxd7 33. Nc5+ Ke7 34. Qxf5 gxf5 35. Bg5+ Kd6 36. Nxa4 Bxd4 37. g3 Ba7 38. Ke2 c6 39. Bd2 Bb8 40. Be3 Kd7 41. Nb6+ Nxb6 42. Bxb6 Kd6 43. Kd3 Kd5 44. a4 1-0